000 00686nam a2200193 i 4500
001 38984
003 ES-MaACL
005 20230906155850.0
007 t|
008 030226s1891 sp ||||1| spa d
100 1 _aCalvo y Madroño, Ismael.
_933924
245 1 4 _aLos poderes del estado
_b: sus conflictos y maneras de resolverlos /
_cIsmael Calvo y Madroño.
260 _aMadrid :
_b[s.n.],
_c1891 (
_fCalvo y Madroño, Ismael)
300 _a36 p. ;
_c23 cm.
530 _aDisponible en formato digital.
650 0 4 _aSeparación de poderes.
_917049
852 _aES-MaACL
_jT-540-F-6
856 _uhttp://bdh-rd.bne.es/viewer.vm?id=0000045436&page=1
_zBiblioteca Digital Hispánica
999 _c38984
_d38984